[Event "Titled Tuesday intern op 10th Jan Early"]
[Site "Chess.com INT"]
[Date "2023.01.10"]
[Round "7"]
[White "Flis, Pawel"]
[Black "Guimaraes, Wagner Peixoto"]
[Result "1/2-1/2"]
[WhiteElo "1901"]
[BlackElo "2199"]
[PlyCount "112"]
[EventDate "2023.01.10"]
[EventType "swiss (blitz)"]
[EventRounds "11"]
[EventCountry "USA"]
[SourceTitle "EXT 2024"]
[Source "ChessBase"]
[SourceDate "2023.10.10"]
[SourceVersion "1"]
[SourceVersionDate "2023.10.10"]
[SourceQuality "1"]

1. e4 c5 2. d4 cxd4 3. Nf3 Nf6 4. e5 Nd5 5. Qxd4 e6 6. c4 Nb4 7. Qd1 d6 8. a3 N4c6 9. exd6 Qxd6 10. Qxd6 Bxd6 11. Nc3 0-0 12. Nb5 Rd8 13. Nxd6 Rxd6 14. Bf4 e5 15. Be3 Bg4 16. Be2 Nd7 17. h3 Bxf3 18. Bxf3 Nd4 19. Bxd4 Rxd4 20. Be2 Nf6 21. 0-0 Rd2 22. Rfe1 e4 23. b4 h6 24. c5 Rad8 25. Rad1 Kf8 26. Rxd2 Rxd2 27. Bb5 Ra2 28. Re3 g6 29. c6 bxc6 30. Bxc6 Kg7 31. a4 Ra1+ 32. Kh2 Rf1 33. Re2 Rb1 34. b5 Ra1 35. Bxe4 Rxa4 36. Bc6 Rb4 37. Re7 Rb2 38. f3 Nh5 39. Bd5 Rxb5 40. Rxf7+ Kh8 41. Bc4 Rc5 42. Ba6 Rc6 43. Rxa7 Nf4 44. Rf7 g5 45. Bf1 Rc1 46. Kg1 Rc2 47. Ra7 Kg8 48. Rb7 Kf8 49. Rh7 Rc6 50. Ra7 Kg8 51. Rb7 Kf8 52. Ra7 Rd6 53. Rb7 Rf6 54. Ra7 Rd6 55. Rb7 Rf6 56. Ra7 Rd6 1/2-1/2